Días de incertidumbre / (Registro nro. 22012)
[ vista simple ]
| 000 -CABECERA | |
|---|---|
| campo de control de longitud fija | 00804nam a2200217 a 4500 |
| 001 - NÚMERO DE CONTROL | |
| campo de control | 000022514 |
| 005 - FECHA Y HORA DE LA ÚLTIMA TRANSACCIÓN | |
| campo de control | 20250621074007.0 |
| 008 - DATOS DE LONGITUD FIJA--INFORMACIÓN GENERAL | |
| campo de control de longitud fija | 101012s1995 xxuc 000 0 spa d |
| 040 ## - FUENTE DE LA CATALOGACIÓN | |
| Centro catalogador/agencia de origen | DO-SdBNP |
| Lengua de catalogación | spa |
| Centro/agencia transcriptor | BNPHU |
| 082 ## - NÚMERO DE LA CLASIFICACIÓN DECIMAL DEWEY | |
| Número de clasificación | 324.6 |
| Número de documento/Ítem | J55d |
| 100 1# - ENTRADA PRINCIPAL--NOMBRE DE PERSONA | |
| Nombre de persona | Jerez, Pablo, |
| Fechas asociadas al nombre | 1949- |
| 9 (RLIN) | 46361 |
| 245 10 - MENCIÓN DE TÍTULO | |
| Título | Días de incertidumbre / |
| Mención de responsabilidad, etc. | Pablo Jerez ; prólogo Bonaparte Gautreaux Piñeyro. |
| 260 ## - PUBLICACIÓN, DISTRIBUCIÓN, ETC. | |
| Lugar de publicación, distribución, etc. | New York : |
| Nombre del editor, distribuidor, etc. | Paloma, |
| Fecha de publicación, distribución, etc. | 1995. |
| 300 ## - DESCRIPCIÓN FÍSICA | |
| Extensión | 168 p. : |
| Otras características físicas | retr. ; |
| Dimensiones | 23 cm. |
| 500 ## - NOTA GENERAL | |
| Nota general | Incluye datos biográficos del autor en la solapa de la contraportada |
| 590 ## - NOTA LOCAL (RLIN) | |
| Nota local | Inventariado, 2019/MFF |
| 650 #4 - PUNTO DE ACCESO ADICIONAL DE MATERIA--TÉRMINO DE MATERIA | |
| Término de materia o nombre geográfico como elemento de entrada | Elecciones |
| Subdivisión geográfica | República Dominicana |
| 9 (RLIN) | 2992 |
| 651 #0 - PUNTO DE ACCESO ADICIONAL DE MATERIA--NOMBRE GEOGRÁFICO | |
| Nombre geográfico | República Dominicana |
| Subdivisión general | Política y gobierno |
| 9 (RLIN) | 45 |
| 700 12 - PUNTO DE ACCESO ADICIONAL--NOMBRE DE PERSONA | |
| Nombre de persona | Gautreaux Piñeyro, Bonaparte, |
| Término indicativo de función/relación | pról. |
| 9 (RLIN) | 28986 |
| 910 ## - DATOS DE OPCIÓN DEL USUARIO (OCLC) | |
| Datos de opción del usuario | Validado. Control de calidad MFF |
| Estado de retiro | Estado de pérdida | Restricciones de uso | No para préstamo | Código de colección | Localización permanente | Ubicación/localización actual | Ubicación en estantería | Fecha de adquisición | Número de inventario | Total de préstamos | Signatura topográfica completa | Código de barras | Fecha visto por última vez | Precio válido a partir de | Tipo de ítem Koha | Número de copia |
|---|---|---|---|---|---|---|---|---|---|---|---|---|---|---|---|---|
| Excluido de préstamo | Monografías: Libros y Folletos | Patrimonio Dominicano | Patrimonio Dominicano | Depósito | 12.10.2010 | LF1 | 324.6 J55d | 22514-10 | 25.06.2020 | 25.06.2020 | No se presta | |||||
| Excluido de préstamo | Monografías: Libros y Folletos | Patrimonio Dominicano | Patrimonio Dominicano | Depósito | 12.03.2011 | LF1 | 324.6 J55d | 22514-20 | 25.06.2020 | 25.06.2020 | No se presta | e. 2 |
